Hermenéutica y acción (Record no. 15980)

MARC details
000 -LEADER
campo de control de longitud fija 00891nam a2200265 i 4500
001 - NÚMERO DE CONTROL
campo de control 15980
003 - IDENTIFICADOR DE NÚMERO DE CONTROL
campo de control ES-MaACL
005 - FECHA Y HORA DE LA ÚLTIMA TRANSACCIÓN
campo de control 20230906151221.0
007 - CAMPO FIJO DE DESCRIPCIÓN FÍSICA--INFORMACIÓN GENERAL
campo de control de longitud fija t|
008 - DATOS DE LONGITUD FIJA--INFORMACIÓN GENERAL
campo de control de longitud fija 000530s1999 sp |||| | spa d
020 ## - NÚMERO INTERNACIONAL ESTÁNDAR DEL LIBRO
Número Internacional Estándar del Libro 84-7846-870-6
080 ## - NÚMERO DE LA CLASIFICACIÓN DECIMAL UNIVERSAL
Número de la Clasificación Decimal Universal 1(082.2)
245 00 - MENCIÓN DEL TÍTULO
Título Hermenéutica y acción
Resto del título : crisis de la modernidad y nuevos caminos de la metafísica /
Mención de responsabilidad, etc. Gianni Vattimo ... [et al.] ; edición de Lluís Álvarez ; proemio de Modesto Berciano.
260 ## - PUBLICACIÓN, DISTRIBUCIÓN, ETC.
Lugar de publicación, distribución, etc. [Valladolid] :
Nombre del editor, distribuidor, etc. Junta de Castilla y León,
Fecha de publicación, distribución, etc. 1999.
300 ## - DESCRIPCIÓN FÍSICA
Extensión 339 p. ;
Dimensiones 22 cm.
490 1# - MENCIÓN DE SERIE
Mención de serie Ensayo/las ideas
650 #4 - PUNTO DE ACCESO ADICIONAL DE MATERIA--TÉRMINO DE MATERIA
Término de materia o nombre geográfico como elemento de entrada Hermenéutica.
9 (RLIN) 13329
700 1# - ENTRADA AGREGADA--NOMBRE PERSONAL
Nombre de persona Vattimo, Gianni.
9 (RLIN) 113303
700 1# - ENTRADA AGREGADA--NOMBRE PERSONAL
Nombre de persona Alvarez, Lluís.
9 (RLIN) 20658
700 1# - ENTRADA AGREGADA--NOMBRE PERSONAL
Nombre de persona Berciano, Modesto.
9 (RLIN) 27849
710 1# - ENTRADA AGREGADA--NOMBRE DE ENTIDAD CORPORATIVA
Nombre de entidad corporativa o nombre de jurisdicción como elemento de entrada Castilla y León.
Unidad subordinada Junta.
9 (RLIN) 2501
830 0# - PUNTO DE ACCESO ADICIONAL DE SERIE-TÍTULO UNIFORME
Título uniforme Ensayo/las ideas
9 (RLIN) 179851
852 ## - LOCALIZACIÓN
Ubicación ES-MaACL
Número de control de estantería L-23153
Holdings
Estatus retirado Estado de pérdida Estado de daño No para préstamo Biblioteca de origen Biblioteca actual Ubicación en estantería Fecha de adquisición Fuente de adquisición Total de préstamos Signatura topográfica completa Código de barras Visto por última vez Precio de reemplazo Tipo de ítem Koha
        Biblioteca del Ateneo de Madrid Biblioteca del Ateneo de Madrid Depósito 2 17/01/2008     L-23153 1016241 23/02/2023 23/02/2023 Libro impreso